Antitrust demages actions and the European commission - show must (hopefully) go on

História, súčasnosť a budúcnosť celoeurópskej úpravy pravidiel pre podávanie žalôb na úhradu škôd spôsobených porušením antimonopolných pravidiel Európskej únie.

Gespeichert in:
Bibliographische Detailangaben
1. Verfasser: Musil, Aleš
Format: Buchkapitel
Sprache:Englisch
Schlagworte:
Tags: Tag hinzufügen
Keine Tags, Fügen Sie das erste Tag hinzu!

MARC

LEADER 00000naa a2200000 4500
001 0161985
005 20231128124354.7
041 0 |a eng 
044 |a CZ 
245 1 0 |a Antitrust demages actions and the European commission - show must (hopefully) go on  |c Aleš Musil 
520 |a História, súčasnosť a budúcnosť celoeurópskej úpravy pravidiel pre podávanie žalôb na úhradu škôd spôsobených porušením antimonopolných pravidiel Európskej únie. 
610 2 0 |a ochrana súťaže hospodárskej 
610 2 0 |a Európska únia 
610 2 0 |a politika protimonopolná 
610 2 0 |a náhrada škody 
100 1 |a Musil, Aleš